ভারত উপমহাদেশের ইতিহাস : (Record no. 39429)
[ view plain ]
| 000 -LEADER | |
|---|---|
| fixed length control field | 00959nam a22002297a 4500 |
| 001 - CONTROL NUMBER | |
| control field | 39429 |
| 003 - CONTROL NUMBER IDENTIFIER | |
| rucl marc code | BD-RjUL |
| 005 - DATE AND TIME OF LATEST TRANSACTION | |
| control field | 20211209053005.0 |
| 008 - FIXED-LENGTH DATA ELEMENTS--GENERAL INFORMATION | |
| fixed length control field | 160410b20072002bg a|||| |||| 00| 0 ben d |
| 020 ## - INTERNATIONAL STANDARD BOOK NUMBER | |
| International Standard Book Number | 9844460638 |
| Terms of availability | : Tk. 250.00 |
| 035 ## - SYSTEM CONTROL NUMBER | |
| System control number | (BD-RjUL)39542 |
| 040 ## - CATALOGING SOURCE | |
| Original cataloging agency | BD-RjUL |
| Language of cataloging | ben |
| Transcribing agency | BD-RjUL |
| 041 ## - LANGUAGE CODE | |
| Language code of text/sound track or separate title | ben |
| 082 ## - DEWEY DECIMAL CLASSIFICATION NUMBER | |
| Edition number | 23 |
| Classification number | 954.025 |
| Author mark and year | SHB 2007 |
| 100 ## - MAIN ENTRY--PERSONAL NAME | |
| Personal name | শাহনাওয়াজ, এ কে এম |
| 9 (RLIN) | 120311 |
| 245 10 - TITLE STATEMENT | |
| Title | ভারত উপমহাদেশের ইতিহাস : |
| Remainder of title | মধ্যযুগ : মোগল পর্ব / |
| Statement of responsibility, etc. | এ কে এম শাহনাওয়াজ, |
| 260 ## - PUBLICATION, DISTRIBUTION, ETC. (IMPRINT) | |
| Place of publication, distribution, etc. | ঢাকা : |
| Name of publisher, distributor, etc. | প্রতীক প্রকাশনা সংস্থা, |
| Date of publication, distribution, etc. | ২০০৭. |
| 300 ## - PHYSICAL DESCRIPTION | |
| Pagination | [১২], ২৬১ পৃ. : |
| Illustrations | চিত্র ; |
| Size | ২২ সেমি. |
| 650 ## - SUBJECT ADDED ENTRY--TOPICAL TERM | |
| Topical term or geographic name as entry element | মোগল সম্রাজ্য - ইতিহাস. |
| 9 (RLIN) | 121676 |
| Topical term or geographic name as entry element | Mughal Empire -- History. |
| 9 (RLIN) | 121677 |
| 942 ## - ADDED ENTRY ELEMENTS (KOHA) | |
| Source of classification or shelving scheme | Dewey Decimal Classification |
| Koha item type | Books |
| Lost status | Source of classification or shelving scheme | Damaged status | Not for loan | Collection code | Permanent Location | Current Location | Shelving location | Date acquired | Source of acquisition | Cost, normal purchase price | Total Checkouts | Full call number | Date last seen | Copy number | Koha item type |
|---|---|---|---|---|---|---|---|---|---|---|---|---|---|---|---|
| Dewey Decimal Classification | Not For Loan | Non-fiction | Central Library, University of Rajshahi | Central Library, University of Rajshahi | Reading Room | 03/08/2014 | Batighar, Chittagong | 187.50 | B 954.025 SHB 2007 | 11/04/2016 | C-1 | Books |